000 01121cad a22002175a 4500
001 L154522
008 111218s2011 xxk 000 0 eng d
035 _a(Sirsi) u154522
041 0 _aeng
110 2 _aEC Harris
_94930
245 0 0 _aMarket view UK autumn 2011
_bTPI forecast reduced again as poor performance in the UK economy continues to hit construction
_h[electronic resource]
260 _aLondon
_bEC Harris
_c2011
490 0 _aEC Harris Research Market View UK
_vAutumn 2011
520 _aConstruction new orders for the 2nd quarter of 2011 were down by 16% compared to the previous quarter and by 23% compared to the same period of 2010. The fall in workload has resulted in tender prices falling for 3 straight years with little likelihood of any significant increase in the next 12-18 months.
590 _aKA NTK
651 4 _aUnited Kingdom
_y
690 _aBUILT ENVIRONMENT-BUILDING COSTS
690 _aBUILT ENVIRONMENT-CONSTRUCTION MARKET
856 4 0 _uhttps://www.echarris.com/pdf/8110_Market%20View_Autumn%202011%20FINAL.pdf
_zView the item free of charge at www.echarris.com
942 _n0
999 _c113027
_d113027